|
|
|
|
| LEADER |
00000nam0a2200000 4500 |
| 001 |
249898 |
| 005 |
20231101232521.0 |
| 010 |
|
|
|a 9785991632669
|
| 035 |
|
|
|a (RuTPU)RU\TPU\book\272029
|
| 090 |
|
|
|a 249898
|
| 100 |
|
|
|a 20140210d2014 m y0rusy50 ca
|
| 101 |
0 |
|
|a rus
|
| 102 |
|
|
|a RU
|
| 105 |
|
|
|a y j 001zy
|
| 200 |
1 |
|
|a Нормирование и снижение загрязнений окружающей среды
|e учебник для бакалавров
|f М. М. Редина, А. П. Хаустов
|g Российский университет дружбы народов (РУДН)
|
| 210 |
|
|
|a Москва
|c Юрайт
|d 2014
|
| 215 |
|
|
|a 432 с.
|
| 225 |
1 |
|
|a Бакалавр. Базовый курс
|
| 320 |
|
|
|a Библиогр.: с. 424-431.
|
| 330 |
|
|
|a В учебнике обобщены основные теоретические положения современного экологического нормирования на основе представлений об устойчивости природных систем. Рассматриваются этапы становления системы экологического нормирования и экологической стандартизации в России. Представлены важнейшие направления нормирования антропогенных нагрузок на атмосферу, поверхностные и подземные водные объекты, почвенно-земельные ресурсы. В книге анализируются экономические аспекты экологического нормирования и приводятся сведения о зарубежном опыте экологического нормирования. Соответствует Федеральному государственному образовательному стандарту высшего профессионального образования третьего поколения. Для студентов высших учебных заведений, обучающихся по естественно-научным и инженерным специальностям и направлениям.
|
| 606 |
1 |
|
|a Экологическое нормирование
|2 stltpush
|3 (RuTPU)RU\TPU\subj\73269
|9 86358
|
| 610 |
1 |
|
|a экологическая стандартизация
|
| 610 |
1 |
|
|a правовые основы
|
| 610 |
1 |
|
|a техногенные нагрузки
|
| 610 |
1 |
|
|a атмосфера
|
| 610 |
1 |
|
|a водопользование
|
| 610 |
1 |
|
|a землепользование
|
| 610 |
1 |
|
|a отходы
|
| 610 |
1 |
|
|a экологические индикаторы
|
| 610 |
1 |
|
|a экономические основы
|
| 610 |
1 |
|
|a промышленные предприятия
|
| 610 |
1 |
|
|a зарубежный опыт
|
| 610 |
1 |
|
|a учебники
|
| 675 |
|
|
|a 502.34(075.8)
|v 3
|
| 700 |
|
1 |
|a Редина
|b М. М.
|g Маргарита Михайловна
|
| 701 |
|
1 |
|a Хаустов
|b А. П.
|g Александр Петрович
|
| 712 |
0 |
2 |
|a Российский университет дружбы народов (РУДН)
|c (Москва)
|c (1992- )
|2 stltpush
|3 (RuTPU)RU\TPU\col\4187
|
| 801 |
|
1 |
|a RU
|b 63413507
|c 20140210
|
| 801 |
|
2 |
|a RU
|b 63413507
|c 20150420
|g RCR
|
| 942 |
|
|
|c BK
|
| 959 |
|
|
|a 23/20140207
|d 5
|e 379,00
|f ЧЗТЛ:1
|f АНЛ:1
|f УФ:3
|